| 000 | 01506nas a2200421 c 4500 | ||
|---|---|---|---|
| 001 | 789481545 | ||
| 003 | DE-601 | ||
| 005 | 20221203160820.0 | ||
| 007 | cr uuu---uuuuu | ||
| 008 | 140702m20039999gw u p 0 u0ger d | ||
| 016 | 7 |
_a1052695817 _2DE-101 |
|
| 016 | 7 |
_a2775807-2 _2DE-600 |
|
| 029 | a | d | _a16152581 |
| 035 | _a(OCoLC)947251992 | ||
| 035 | _a(DE-599)ZDB2775807-2 | ||
| 040 |
_bger _cGBVCP _aRU-10907106 |
||
| 041 | 0 | _ager | |
| 044 |
_cXA-DE _cXA-CH _cXA-AT _cXA-BE _cXD-US _cXA-GB |
||
| 245 | 0 | 0 |
_aZeitschrift für Weltgeschichte _hElektronische Ressource _bZWG : interdisziplinäre Perspektiven _chrsg. von ... für den Verein für Geschichte des Weltsystems |
| 246 | 3 | _aZWG | |
| 264 | 3 | 1 |
_aFrankfurt, M _aBerlin _aBern _aBruxelles _aNew York, NY _aOxford _aWien _bLang _c2003- |
| 300 | _aOnline-Ressource | ||
| 336 |
_aText _btxt _2rdacontent |
||
| 337 |
_aComputermedien _bc _2rdamedia |
||
| 338 |
_aOnline-Ressource _bcr _2rdacarrier |
||
| 362 | 0 | _a4.2003 - | |
| 363 | 0 | 1 |
_a4 _i2003 |
| 500 | _aE-Zeitschrift / Open Access | ||
| 611 | 2 | 7 |
_aZeitschrift _2gnd _916310 |
| 650 | 7 |
_0(DE-601)106075454 _0(DE-588)4079158-0 _aWeltgeschichte _2gnd _96889 |
|
| 655 | _aOpen Access | ||
| 776 | 0 | 8 |
_iDruckausg _tZeitschrift für Weltgeschichte _dFrankfurt, M. ; Berlin ; Bern ; Bruxelles ; New York, NY ; Oxford ; Wien : Lang, 2000- _wa987675978 |
| 856 | 4 | 1 |
_uhttp://www.ingentaconnect.com/content/plg/zfw _zfrei zugänglich |
| 942 |
_2z _cCR |
||
| 999 |
_c61284 _d61284 |
||